| 000 | 00708nam a2200217Ia 4500 | ||
|---|---|---|---|
| 003 | GCL | ||
| 005 | 20240530103753.0 | ||
| 008 | 140319s9999 xx 000 0 ara d | ||
| 040 |
_aGCL / _cGCL |
||
| 082 | 0 | 4 |
_a327.147 _bن ح |
| 100 | 1 | _aاندرية نونتان | |
| 245 | 1 | 0 |
_aالحلف الاطلنطى فى ساعة الانحلال / _cاندرية نونتان |
| 300 | _a231 ص | ||
| 490 |
_aكتب سياسية _v0 |
||
| 650 | 0 | 4 | _aالحرب العالمية الاولى 1914- 1918 |
| 650 | 0 | 4 | _aالحرب العالمية الثانية 1939 - 1945 |
| 650 | 0 | 4 | _aنوع السلاح |
| 700 | 1 | _aعبدالعليم السيد | |
| 700 | 1 | _aعبدالمنعم زكى | |
| 942 |
_2ddc _cBK |
||
| 999 |
_c42351 _d42351 |
||